| 000 | 00751nas a2200241 i 4500 | ||
|---|---|---|---|
| 001 | 1737 | ||
| 003 | ES-MaACL | ||
| 005 | 20250814224216.0 | ||
| 007 | t| | ||
| 008 | 950801d1914 cu m| | 1 ||pa d | ||
| 022 | _a9962-3188 | ||
| 080 | _a729.1 | ||
| 245 | 0 | 3 |
_aLa Reforma social _b: revista mensual de cuestiones sociales, económicas, políticas, parlamentarias, estadísticas y de higiene pública / _cdir. Orestes Ferrara. |
| 260 |
_aHabana : _bRambla, Bouza y Cº, _c1914- |
||
| 300 |
_a8 v. ; _c24 cm. |
||
| 310 | _aMensual | ||
| 362 | 0 | _aT. I (ago. 1914)- | |
| 650 | 1 | 7 |
_aCiencias sociales _2embne _910988 |
| 700 | 1 |
_aFerrara, Orestes. _950298 |
|
| 852 |
_aES-MaACL _jB-9296-03 |
||
| 866 | 0 | _o1914-15(1916). | |
| 999 |
_c1737 _d1737 |
||